| 000 | 03373nam0a2200433 4500 | ||
|---|---|---|---|
| 001 | RU\NLR\BIBL_A\022215829 | ||
| 005 | 20250505160807.0 | ||
| 010 |
_a978-5-209-12139-8 _9100 |
||
| 021 |
_aRU _bКН-П-24-018521 _9КН-П-24-1933 |
||
| 035 | _a(NLR Aleph) 022215829 | ||
| 090 |
_a13086806 _c13086806 |
||
| 100 | _a20240506d2023 k y0rusy50 ca | ||
| 101 | 0 |
_arus _aeng _ascc _ascr _deng |
|
| 102 | _aRU | ||
| 105 | _aa|||z|||100yy | ||
| 181 | 0 |
_ai _baxxe |
|
| 182 | 0 | _an | |
| 200 | 1 |
_aПриверженность вопросам психического здоровья _eматериалы IV Международной научно-практической конференции, Москва, 5-7 октября 2023 г. _fРоссийский университет дружбы народов, Институт педагогических исследований Республики Сербия, Российско-Армянский (Славянский) университет (Армения), Казахский национальный университет им. Аль-Фараби [и др.] _gредакционная коллегия: кандидат педагогических наук, доцент О. Б. Михайлова, кандидат психологических наук Е. Б. Башкин |
|
| 203 |
_aТекст _bвизуальный _cнепосредственный |
||
| 210 |
_aМосква _cРоссийский университет дружбы народов _d2023 |
||
| 215 |
_a572 с. _cил., цв. ил., табл. _d20 |
||
| 300 | _aЧасть текста на англ., серб. и хорват. яз. | ||
| 300 | _aРез. англ. | ||
| 320 | _aБиблиогр. в конце ст. | ||
| 606 | 1 |
_aПсихическое здоровье _jСъезды, совещания и т.п _2nlr_sh1 _2nlr_sh2 _3RU\NLR\AUTH\661155303 |
|
| 686 | 1 | _aЮ948.1-8я431 | |
| 686 | 1 | _aР64я431(0) | |
| 702 | 1 |
_aМихайлова _bО. Б. _cканд. пед. наук, психология управления _f1967- _gОльга Борисовна _3RU\NLR\AUTH\7778681 _4340 |
|
| 711 | 1 | 2 |
_a"Приверженность вопросам психического здоровья", международная научно-практическая конференция _d4 _f2023 _eМосква _3RU\NLR\AUTH\880609888 |
| 712 | 0 | 2 |
_aРоссийский университет дружбы народов им. Патриса Лумумбы _3RU\NLR\AUTH\880595363 _4557 |
| 712 | 0 | 2 |
_aИнститут педагогических исследований _cБелград _3RU\NLR\AUTH\8810118004 _4557 |
| 712 | 0 | 2 |
_aБаня-Лукский университет _3RU\NLR\AUTH\880609892 _4557 |
| 712 | 0 | 2 |
_aРоссийско-армянский (славянский) государственный университет _cЕреван _3RU\NLR\AUTH\8810058872 _4557 |
| 712 | 0 | 2 |
_aКазахский национальный университет им. Аль-Фараби _cАлма-Ата _3RU\NLR\AUTH\884195 _4557 |
| 942 | _cBOOK | ||
| 980 | _aNB | ||